| 000 | 00369 a2200133 4500 | ||
|---|---|---|---|
| 005 | 20250627170743.0 | ||
| 020 | _a0-273-03699-8 | ||
| 082 | _a658.15 MCL | ||
| 100 | _aMcANEY, E.J. | ||
| 245 | _aBusiness Finance for Decision Makers, | ||
| 260 |
_aBritish, _bPitman Book Limited, _c1991. |
||
| 300 |
_ax.; 374p: ill,; figure, _bReference & Index, _c24cm. |
||
| 942 |
_2ddc _cBKS |
||
| 999 |
_c5773 _d5773 |
||